Sistema para el control de préstamos e inventario de recursos, usando tecnología de códigos de barras

Este trabajo trata sobre el entorno que rodea el desarrollo de la aplicación de manejar los recursos del proyecto SAREC/UNI/FEC. Usando la herramienta indicada para el fin específico.

Bibliographic Details
Main Author: Cerda Moraga, Nubia Alejandra
Other Authors: Tutor: Plazaola Prado, José Leonel
Format: Tesis Section = Libro
Language:Undetermined
Spanish
Published: Managua UNI 2002
Subjects:
LEADER 01093nam a2200253Ia 4500
008 240830s9999 xx 000 0 und d
040 |a BIBLIOTECA-RUSB/ Mon 025.4 C413 
041 |a spa 
082 |a Mon 025.4 C413 
100 1 |a Cerda Moraga, Nubia Alejandra 
245 1 0 |a Sistema para el control de préstamos e inventario de recursos, usando tecnología de códigos de barras 
260 |a Managua  |b UNI  |c 2002 
300 |a 170 p. :il. 
502 |a Tesis (Ingeniero en Computación) - UNI, 2002. 
520 3 |a Este trabajo trata sobre el entorno que rodea el desarrollo de la aplicación de manejar los recursos del proyecto SAREC/UNI/FEC. Usando la herramienta indicada para el fin específico. 
650 7 |a SISTEMAS DE INFORMACIÓN - CÓDIGO DE BARRAS 
650 7 |b  ANALISIS Y DISEÑO - SISTEMA DE INFORMACIÓN - SAR 
650 7 |c  TECNOLOGÍA DE CÓDIGO DE BARRA 
650 7 |d  CONTROL DE INVENTARIO - PRÉSTAMO - DEVOLUCIÓN 
650 7 |e  ESTUDIO DE FACTIBILIDAD 
700 1 |a Tutor:  |b Plazaola Prado, José Leonel 
942 |c BK  |2 ddc 
991 |a TESIS 
999 |c 19876